Real Estate Principle /
Contents:
Đã lưu trong:
| Príomhúdar: | |
|---|---|
| Údair Eile: | |
| Formáid: | Leabhar |
| Teanga: | Vietnamese |
| Foilsithe: |
American :
Prentice Hall ,
1977
|
| Eagrán: | In lần thứ 1 |
| Ábhair: | |
| Clibeanna: |
Cuir Clib Leis
Gan Chlibeanna, Bí ar an gcéad duine leis an taifead seo a chlibeáil!
|
| Thư viện lưu trữ: | Thư viện Trường CĐ Kỹ Thuật Cao Thắng |
|---|
| LEADER | 01304nam a2200397 a 4500 | ||
|---|---|---|---|
| 001 | TVCDKTCT11380 | ||
| 003 | Thư viện trường Cao đẳng Kỹ thuật Cao Thắng | ||
| 005 | 20090901000000 | ||
| 008 | 090901 | ||
| 980 | \ | \ | |a Thư viện Trường CĐ Kỹ Thuật Cao Thắng |
| 024 | |a RG_1 #1 eb0 i1 | ||
| 041 | 0 | # | |a vie |
| 082 | # | # | |a 333.33 / |b R200A-h |
| 100 | 1 | # | |a Harwood |
| 245 | 0 | 0 | |a Real Estate Principle / |c Harwood, M Bruce |
| 250 | # | # | |a In lần thứ 1 |
| 260 | # | # | |a American : |b Prentice Hall , |c 1977 |
| 300 | # | # | |a 577tr. ; |c 27 cm |
| 520 | # | # | |a Contents: |
| 520 | # | # | |a 1Introduction to Real estate |
| 520 | # | # | |a 2. Nature and description of real eastate |
| 520 | # | # | |a 3. Right and interests in land |
| 520 | # | # | |a 4. Form of ownership |
| 520 | # | # | |a 5. Transferring title |
| 520 | # | # | |a 6. Recodation, abstracts, and title insurance |
| 520 | # | # | |a 7. Contrac law |
| 520 | # | # | |a 8. Real estate sales contracts |
| 520 | # | # | |a 9. Mortgage theory and law |
| 520 | # | # | |a 10. Trust dees |
| 520 | # | # | |a 11. Mortgage lending |
| 520 | # | # | |a 12. Morgage landers and alternatives |
| 520 | # | # | |a 13. Taxes and assessments |
| 520 | # | # | |a 14. Title closing and escrow.............. |
| 650 | # | 4 | |a Real estate principles |
| 650 | # | 4 | |a Real Estate Investment |
| 700 | 0 | # | |a M Bruce |